| 000 | 00863cam a22002897a 4500 | ||
|---|---|---|---|
| 003 | CHAP | ||
| 005 | 20260227114927.0 | ||
| 008 | 000324d1995 mx a r 00110 spa d | ||
| 010 | _a80511 | ||
| 011 | _a81483 | ||
| 035 | _a91955 | ||
| 040 | _cCHAP | ||
| 090 | _aFolleto 15817 | ||
| 100 | 1 | 0 |
_aAlanís Patiño, Emilio _93335 |
| 245 | 1 | 0 |
_aCincuentenario de la generación 1939-1945 _c/por Emilio Alanis Patiño |
| 260 |
_aChapingo, Méx. : _b[UACH], _c1995. |
||
| 300 |
_a42 p. : _bilus. |
||
| 590 |
_aBATCH-UPD _b10 _c20130110 _lUCH01 _h1101 |
||
| 590 |
_aBATCH-UPD _b10 _c20130410 _lUCH01 _h0654 |
||
| 590 |
_aCONVERSION _b10 _c20130109 _lUCH01 _h1345 |
||
| 650 | 1 | 4 |
_aENA _xEstudiantes. _936671 |
| 650 | 1 | 4 |
_aENA _xHistoria. _936672 |
| 901 | _aBK | ||
| 905 | _aGuadalupe Pinto C. | ||
| 942 | _cFOLL | ||
| 949 |
_aFolleto 15817 _bBC _cUACH _d919551 _eUACH _i91955 _sb |
||
| 999 |
_c80511 _d80511 |
||